000 00502 a2200193 4500
005 20240528155004.0
010 _aB-759225
020 _a9789354716324
_c350.00
035 _aB-759225
037 _bGift
082 _aN
100 _aMartin, Ann M.
_967015
245 _aThe Baby Sitters Club/
_bAnn M. Martin
260 _aNew York
_bScholastic Inc.
_c2023
270 _aNew York
_bNew York
300 _a252 p.
_c19 cm(Pb)
942 _adpl
_cCH
_2ddc
_hN
_mMAR
999 _c203342
_d203342